000 00520nam a22001937a 4500
001 BT-PhCST
003 BT-PhCST
005 20190204172253.0
008 170125b xxu||||| |||| 00| 0 eng d
020 _aNA
040 _aBT-PhCST
_cBT-PhCST
_dBT-PhCST
050 _a7435
082 _222
_a621.31244
100 _aBereaw of Indian standards
245 _aETD28-Solar Photo voltaic energy system IEC/TC 82 /
260 _bBereaw of Indian Standards
_cc2006
300 _aill. ;
_b30*21 p. ;
_c29 cm.
942 _2ddc
_cEE
999 _c6566
_d6566